Violencia de género digital : (Registro nro. 5772)
[ vista simple ]
| 000 -LEADER | |
|---|---|
| fixed length control field | 01153nab a22002177a 4500 |
| 003 - CONTROL NUMBER IDENTIFIER | |
| control field | OSt |
| 005 - DATE AND TIME OF LATEST TRANSACTION | |
| control field | 20260105215314.0 |
| 008 - FIXED-LENGTH DATA ELEMENTS--GENERAL INFORMATION | |
| fixed length control field | 190514b xxu||||| |||| 00| 0 spa d |
| 040 ## - CATALOGING SOURCE | |
| Transcribing agency | PJ |
| 100 ## - MAIN ENTRY--PERSONAL NAME | |
| 9 (RLIN) | 6687 |
| Personal name | Iriarte, Alejandra |
| 245 10 - TITLE STATEMENT | |
| Title | Violencia de género digital : |
| Remainder of title | Ley Olimpia. Defensoría del Público de Servicios de Comunicación Audiovisual / |
| Statement of responsibility, etc | Alejandra Iriarte. |
| 300 ## - PHYSICAL DESCRIPTION | |
| Extent | p. 70-75 |
| 505 ## - FORMATTED CONTENTS NOTE | |
| Formatted contents note | Sumario: I. ¿Qué es la violencia digital por razones de género?— II. Ley Olimpia: políticas públicas para prevenir y acompañar a las víctimas de violencia digital por razones de género.— III. Políticas públicas para la prevención de la violencia digital: el rol de la Defensoría del Público de Servicios de Comunicación Audiovisual. |
| 505 ## - FORMATTED CONTENTS NOTE | |
| Title | Si te interesa el texto, comunicate a koha@justierradelfuego.gov.ar |
| 650 #0 - SUBJECT ADDED ENTRY--TOPICAL TERM | |
| 9 (RLIN) | 967 |
| Topical term or geographic name as entry element | DERECHO DE FAMILIA |
| 650 #0 - SUBJECT ADDED ENTRY--TOPICAL TERM | |
| 9 (RLIN) | 6528 |
| Topical term or geographic name as entry element | VIOLENCIA DIGITAL |
| 650 #0 - SUBJECT ADDED ENTRY--TOPICAL TERM | |
| 9 (RLIN) | 3053 |
| Topical term or geographic name as entry element | VIOLENCIA DE GÉNERO |
| 650 #0 - SUBJECT ADDED ENTRY--TOPICAL TERM | |
| Topical term or geographic name as entry element | TECNOLOGIA DE LA INFORMACION |
| 9 (RLIN) | 289 |
| 773 0# - HOST ITEM ENTRY | |
| Host Biblionumber | 2844 |
| Host Itemnumber | 3222 |
| Place, publisher, and date of publication | Buenos Aires : AbeledoPerrot, 1989- |
| Title | Derecho de familia. N° 113 - Marzo 2024 |
| International Standard Book Number | 18511201 |
| 942 ## - ADDED ENTRY ELEMENTS (KOHA) | |
| Source of classification or shelving scheme | |
| Koha item type | Analítica Artículo de Revista |
No hay ítems disponibles.
